Harry Potter: la Botanique - Statistiques

Statistiques générales
  • Ce quiz a été pris 108 fois
  • Le résultat moyen est 5 sur 8
Statistiques - réponses
Information Réponses % Correct
Ecole dans laquelle elle est enseignée Poudlard
100%
Professeur Pomona Chourave
99%
Première apparition Harry Potter à l'école des sorciers
92%
Dernière apparition Harry Potter et les Reliques de la Mort
88%
Salle de classe Serres
66%
Professeur Neville Londubat
57%
Ecole dans laquelle elle est enseignée Castelobruxo
13%
Professeur Herbert Beery
6%
Aucun quiz correspondant
Distribution des résultats
% des personnes avec chaque résultat
Percentile par nombre de réponses
Votre historique - résultats
Vous n’avez pas pris ce quiz